| 000 | 03624cam a22012494i 4500 | ||
|---|---|---|---|
| 003 | PE-LiUPU | ||
| 005 | 20250813185426.0 | ||
| 008 | 190102s2017 pe a r 000 0 spa d | ||
| 020 | _a6124280264 | ||
| 020 | _a9786124280269 | ||
| 035 | _a(Sirsi) a251270 | ||
| 040 |
_aPE-LiUPU _bspa _cPE-LiUPU _erda |
||
| 049 | _aPRUA | ||
| 082 | 0 | 4 |
_a346.024 _S17 _220 |
| 100 | 1 |
_aSalinas Seminario, Miguel, _eautor. |
|
| 245 | 1 | 0 |
_aAdministración de contratos de obras públicas / _cMiguel Salinas Seminario. |
| 250 | _aDecimosegunda edición. | ||
| 264 | 1 |
_aLima : _bInstituto de la Construcción y Gerencia, _c2017. |
|
| 300 |
_a92 páginas : _bilustraciones ; _c30 centímetros. |
||
| 336 |
_atext _2rdacontent |
||
| 337 |
_aunmediated _2rdamedia |
||
| 338 |
_avolume _2rdacarrier |
||
| 490 | 0 |
_aFondo Editorial ICG ; _vPT-31 |
|
| 505 | 0 | _aProcedimientos de selección para contratación de obras -- Inicio del pazo de ejecución -- Adelantos para obras -- Cuadernos de obra -- Valorizaciones -- Las fórmulas polinómicas -- Normas para el cálculo de reajustes -- Intereses por demora en el pago de valorizaciones -- Ampliaciones de plazo -- Los mayores gastos generales -- Demoras injustificadas en la ejecución de obras -- Las obras adicionales y las normas de la contraloría -- Recepción de obra -- Liquidación de obra. | |
| 526 | _aP202 | ||
| 526 | _aP201 | ||
| 526 | _aP163 | ||
| 526 | _aP162 | ||
| 526 | _aP161 | ||
| 526 | _aP160 | ||
| 526 | _aP148 | ||
| 526 | _aP147 | ||
| 526 | _aP146 | ||
| 526 | _aP145 | ||
| 526 | _aP144 | ||
| 526 | _aP143 | ||
| 526 | _aP142 | ||
| 526 | _aP141 | ||
| 526 | _aP140 | ||
| 526 | _aP139 | ||
| 526 | _aP138 | ||
| 526 | _aP137 | ||
| 526 | _aP136 | ||
| 526 | _aP135 | ||
| 526 | _aP134 | ||
| 526 | _aP133 | ||
| 526 | _aP129 | ||
| 526 | _aP128 | ||
| 526 | _aP127 | ||
| 526 | _aP120 | ||
| 526 | _aP119 | ||
| 526 | _aP118 | ||
| 526 | _aP116 | ||
| 526 | _aP115 | ||
| 526 | _aP114 | ||
| 526 | _aP110 | ||
| 526 | _aP109 | ||
| 526 | _aP108 | ||
| 526 | _aP104 | ||
| 526 | _aP103 | ||
| 526 | _aP102 | ||
| 526 | _aP99 | ||
| 526 | _aP98 | ||
| 526 | _aP97 | ||
| 526 | _aP96 | ||
| 526 | _aP95 | ||
| 526 | _aP93 | ||
| 526 | _aP90 | ||
| 526 | _aP89 | ||
| 526 | _aP88 | ||
| 526 | _aP83 | ||
| 526 | _aP82 | ||
| 526 | _aP62 | ||
| 526 | _aP59 | ||
| 526 | _aP58 | ||
| 526 | _aP57 | ||
| 526 | _aP51 | ||
| 526 | _aP49 | ||
| 526 | _aP48 | ||
| 526 | _aP47 | ||
| 526 | _aP29 | ||
| 526 | _aP24 | ||
| 526 | _aP20 | ||
| 526 | _aP19 | ||
| 526 | _aP17 | ||
| 526 | _aP15 | ||
| 526 | _aP14 | ||
| 526 | _aP12 | ||
| 526 | _aP10 | ||
| 526 | _aP09 | ||
| 526 | _aP08 | ||
| 526 | _aP07 | ||
| 526 | _aP06 | ||
| 526 | _aP05 | ||
| 526 | _aP04 | ||
| 526 | _aP01 | ||
| 541 | _g001-003716; | ||
| 650 | 1 | 8 |
_aContratos administrativos _xAspectos legales _zPerú. _94230 |
| 650 | 2 | 4 |
_aObras públicas _xAspectos legales _zPerú. |
| 710 | 2 | _aInstituto de la Construcción y Gerencia (Lima) | |
| 910 |
_adbm _bjpc _cjpc _d20190102 |
||
| 942 |
_2ddc _cBOOK |
||
| 994 |
_aC0 _bPEPRU |
||
| 596 | _a1 | ||
| 999 |
_a346.024 S17 _wDEWEY _c30695 _i79656 _f2021-11-9 _g4 _lCCODEBUL1 _mBUL _p13.50 _r0 _sY _tBOOK _u2019-1-2 _xINGENIERIA _PP25 _0COMPRA _1FCOMPR2 _o.STAFF. Colección Ingeniería y Arquitectura _d30695 |
||
| 999 |
_a346.024 S17 _wDEWEY _c2 _i79657 _f2021-11-9 _g4 _lCCODEBUL1 _mBUL _p13.50 _r0 _sY _tBOOK _u2019-1-3 _xINGENIERIA _PP25 _0COMPRA _1FCOMPR2 _o.STAFF. Colección Ingeniería y Arquitectura |
||
| 980 |
_81 _gALBERTO SANCHEZ Responsable de Automatización |
||